The designer's guide to VHDL (Record no. 168106)

MARC details
000 -LEADER
fixed length control field 00384nam a2200157Ia 4500
008 - FIXED-LENGTH DATA ELEMENTS--GENERAL INFORMATION
fixed length control field 231217s9999 xx 000 0 und d
041 ## - LANGUAGE CODE
Language code of text/sound track or separate title English
082 ## - DEWEY DECIMAL CLASSIFICATION NUMBER
Classification number 621.392 ASH;6
100 ## - MAIN ENTRY--PERSONAL NAME
Personal name Ashenden, Peter J
245 #4 - TITLE STATEMENT
Title The designer's guide to VHDL
250 ## - EDITION STATEMENT
Edition statement 2nd ed.
260 ## - PUBLICATION, DISTRIBUTION, ETC.
Date of publication, distribution, etc. 2002
Name of publisher, distributor, etc. New Delhi : Harcourt India,
300 ## - PHYSICAL DESCRIPTION
Extent xxiv+759
650 ## - SUBJECT ADDED ENTRY--TOPICAL TERM
Topical term or geographic name entry element VHDL
942 ## - ADDED ENTRY ELEMENTS (KOHA)
Koha item type Books
Holdings
Date last seen Total checkouts Full call number Accession number Cost, total (INR) price Price effective from Category Lost status Damaged status Department Withdrawn status Home library Current library Entry date Vendor Cost, normal purchase price Grants Billnumber Billdate Currency symbol Conversion rate Discount Old discount
26/01/2024   621.392 ASH;6 18240 318.75 26/01/2024 Books     Central Library   Central Library Central Library 05/10/2001 Ell Enn books 375.00 EC 49 06/02/2003 RS 1 56.25 15
26/01/2024   621.392 ASH;7 18326 318.75 26/01/2024 Books     Central Library   Central Library Central Library 16/10/2001 New Era 375.00 EC 441 22/03/2017 RS 1 56.25 15

© For any Suggestions or Query, please contact the library staff @ librarian@pes.edu or Phone: +9180 2672 1983/ 2108.